Piosenki 2024 - Statystyki

Ogólne statystyki
  • Ten quiz został rozwiązany 39 razy
  • Średni wynik to 6 z 20
Statystyki odpowiedzi
Hint Odpowiedź % Poprawnych
MODELKI Chyba że z tobą
78%
Young Leosia, bambi BFF
59%
Kubi Producent Woda Księżycowa
52%
Gibbs, Opał Drive
48%
Sabrina Carpenter Espresso
44%
Artemas I like the way you kiss me
41%
Lanberry Tribbs Dzięki że jesteś
37%
Kizo, Bletka HERO
33%
Young Leosia, bambi Przester
33%
Vixen Ne Rozumiju
30%
Bletka B012
26%
Oki, Sobel @atutowy Ile Lat?
26%
Teddy Swims Lose Control
26%
Benson Boone Beautiful Things
22%
Mata Lloret De Mar
22%
Travis Scott FE!N
19%
Szpaku, Deemz Plaster
15%
Young Leosia, bambi Te Numery
15%
bambi, charlie MILLIE WALKY
11%
Young Multi, Szpaku Młody Manson
7%
Nie znaleziono quizów pasujących do podanych kryteriów
Rozkład punktacji
Procent ludzi z każdym wynikiem
Percentyl według liczby udzielonych odpowiedzi
Twoja historia wyników
Nie rozwiązałeś tego quizu